Statistics for Bali Quiz

Click here to take the quiz!

General Stats

  • This quiz has been taken 230 times
  • The average score is 10 of 16

Answer Stats

clueanswer% Correct
The country it is inIndonesia
98%
Capital cityDenpasar
87%
2nd largest tourist numbers from this countryAustralia
82%
Main religionHindu
78%
Island immediately to the westJava
74%
Main language #1Indonesian
72%
Main tourist beach #1Kuta
66%
Main croprice
64%
Hill town and main cultural centreUbud
64%
Main language #2Balinese
62%
Largest tourist numbers from this countryChina
62%
Island immediately to the eastLombok
55%
Highest peak, erupting in 1963 killing thousandsMt {Agung}
39%
Main tourist beach #2Sanur
31%
2nd city on the north coastSingaraja
21%
Holiest and largest temple,
on that mountain's southern slope
Pura {Besakih}
19%

Score Distribution

Percentile by Number Answered

Percent of People with Each Score

Your Score History

You have not taken this quiz